000 00647cam a22002293a 4500
001 23034
003 PGUSA
005 20140828083506.0
008 071014s2007||||xxu|||||s|||||000 | eng d
040 _aPGUSA
_beng
042 _adc
050 4 _aHT
100 1 _aMayer, Brantz,
_d1809-1879
245 1 0 _aCaptain Canot; Or, Twenty Years of an African Slaver
_h[electronic resource] /
_cBrantz Mayer
260 _bProject Gutenberg,
_c2007
506 _aPublic domain in the USA.
516 _aElectronic text
653 _aSlave trade
830 0 _aProject Gutenberg
_v23034
856 4 0 _uhttp://www.gutenberg.org/ebooks/23034
942 _cEB
999 _c252289
_d252289